Szczegóły MARC21

Cargotrans '97 : Polska jako logistyczna platforma europejskich powiązań transportowych : III Konferencja Naukowo-Techniczna, 22-23 października 1997.

003 -Nazwa inst., której nr kontr. jest w polu 001 [,]
    • @
    • Nazwa instytucji, której n kontrolny jest w polu 001
    • NUKAT
005 -DATA I CZAS OSTATNIEJ MODYFIKACJI [,]
    • @
    • pole kontrolne
    • 20241231093714.0
020 -Międzynarod. znormalizowany nr książki - ISBN [ , ]
    • a
    • Numer ISBN
    • 8390684799 Find
040 -Instytucja sporządzająca opis [ , ]
    • a
    • Instytucja, która sporządziła opis (NP)
    • NUKAT
    • c
    • Instytucja, która sporządziła rekord (NP)
    • KR U/mal
    • d
    • Instytucja, która zmodyfikowała rekord (P)
    • KR U/IFs
041 -Język dokumentu [0, ]
    • a
    • Język tekstu (P)
    • polski
    • b
    • Język streszczeń lub abstraktu (P)
    • angielski
942 -Rodzaj dokumentu [ , ]
    • c
    • Rodzaj dokumentu
    • Książka
111 -Hasło główne - nazwa imprezy [2, ]
    • a
    • Nazwa imprezy (NP)
    • Cargotrans '97 Find
    • n
    • Numer imprezy (P)
    • (3 ;
    • d
    • Data imprezy (NP)
    • 1997 ;
    • c
    • Miejsce imprezy (NP)
    • Szczecin).
    • 9
    • KHW
    • 655837
245 -Strefa tytułu i oznaczenia odpowiedzialności [1,0]
    • a
    • Tytuł
    • Cargotrans '97 : Find
    • b
    • Ciąg dalszy tytułu (NP)
    • Polska jako logistyczna platforma europejskich powiązań transportowych : III Konferencja Naukowo-Techniczna, 22-23 października 1997. Find
260 -Strefa adresu wydawniczego [ , ]
    • a
    • Miejsce wydania (P)
    • Szczecin :
    • b
    • Nazwa wydawcy (P)
    • Biuro Informacji Gospodarczej,
    • c
    • Data wydania (P)
    • 1997.
300 -Strefa opisu fizycznego [ , ]
    • a
    • Określenie formy książki i/lub objętość (NP)
    • 144 s. :
    • b
    • Oznaczenie ilustracji (NP)
    • mapy, rys. ;
    • c
    • Format (NP)
    • 24 cm.
336 -Typ zawartości [ , ]
    • a
    • Termin opisujący typ zawartości
    • Tekst
    • b
    • Kod określający zawartość
    • txt
    • 2
    • Źródło (terminu i kodu)
    • rdacontent
337 -Typ mediów [ , ]
    • a
    • Tryb odtwarzania
    • Bez urządzenia pośredniczącego
    • b
    • Kod typu mediów
    • n
    • 2
    • Źródło (terminu i kodu)
    • rdamedia
338 -Typ/rodzaj nośnika [ , ]
    • a
    • Hasło opisujące typ nośnika
    • Wolumin
    • b
    • Kod typu nośnika
    • nc
    • 2
    • Źródło (terminu i kodu)
    • rdacarrier
500 -Uwaga ogólna [ , ]
    • a
    • Uwaga ogólna (NP)
    • Na prawach rękopisu.
500 -Uwaga ogólna [ , ]
    • a
    • Uwaga ogólna (NP)
    • Opis wg okł.
504 -Uwaga dot. bibliogr. załącznikowej [ , ]
    • a
    • Uwaga dot. bibliografii załącznikowej
    • Bibliogr. przy ref.
546 -Uwaga dot. języka [ , ]
    • a
    • Uwaga dot. języka
    • Streszcz. ang.
080 -Uniwersalna Klasyfikacja Dziesiętna [ , ]
    • a
    • Symbol klasyfikacji
    • 338.47::656.1/.7(438)"1989/..."(061)
080 -Uniwersalna Klasyfikacja Dziesiętna [ , ]
    • a
    • Symbol klasyfikacji
    • :504(438)"1989/..."(061)
650 -Hasło przedmiotowe [ ,7]
    • a
    • Hasło przedmiotowe
    • Transport
    • x
    • Określnik rzeczowy
    • aspekt środowiskowy
    • z
    • Określnik geograficzny
    • Polska
    • v
    • Określnik formalny
    • konferencje.
    • 2
    • Źródło terminu
    • kaba
    • 9
    • KHW
    • 656185
650 -Hasło przedmiotowe [ ,7]
    • a
    • Hasło przedmiotowe
    • Transport
    • z
    • Określnik geograficzny
    • Polska
    • v
    • Określnik formalny
    • konferencje.
    • 2
    • Źródło terminu
    • kaba
    • 9
    • KHW
    • 645732
650 -Hasło przedmiotowe [ ,7]
    • a
    • Hasło przedmiotowe
    • Logistyka (organizacja)
    • z
    • Określnik geograficzny
    • Polska
    • v
    • Określnik formalny
    • konferencje.
    • 2
    • Źródło terminu
    • kaba
    • 9
    • KHW
    • 656184
980 -Symbol UKD [ , ]
    • a
    • UKD
    • 338.47::656.1/.7:504](438)"1989/..."(061)
920 -ISBN [ , ]
    • a
    • ISBN
    • 83-906847-9-9 Find
Status udost. Numer inwentarzowy Sygnatura Data inwentaryzacji Lokalizacja
1Z.95962Z.959622000-06-12BG
-2T.2625T.26252000-06-12T
-3T.2626T.26262000-06-12T
-3T.2627T.26272000-06-12T
-3T.2628T.26282000-06-12T
-3T.2629T.26292000-06-12T
-3T.2630T.26302000-06-12T
-3T.2631T.26312000-06-12T
-3T.2632T.26322000-06-12T
-3T.2633T.26332000-06-12T
-3T.2634T.26342000-06-12T
-3T.2635T.26352000-06-12T
2T.2636 2000-06-12T
-3T.2637T.26372000-06-12T
-3T.2638T.26382000-06-12T
-3T.2639T.26392000-06-12T
-3T.2640T.26402000-06-12T
-3T.2641T.26412000-06-12T
-3T.2642T.26422000-06-12T
-3T.2643T.26432000-06-12T
-3T.2644T.26442000-06-12T
-2T.2695T.26952000-06-12T
-3T.2696T.26962000-06-12T
-3T.2697T.26972000-06-12T
-3T.2698T.26982000-06-12T
-3T.2699T.26992000-06-12T
-3T.2700T.27002000-06-12T
-3T.2701T.27012000-06-12T
-3T.2702T.27022000-06-12T
-2T.2703 2000-06-12T
-3T.2704 2000-06-12T
-3T.6755 2002-03-20T